000 01354cam a22003977a 4500
003 CHAP
005 20220817043138.0
008 971013s1980 it a r 00010 eng d
010 _a66785
011 _a67757
020 _a9251009333
035 _a77229
040 _cCHAP
082 _a631.7
_bF3y v.34
110 2 _aFAO
245 1 0 _aCorrosion and encrustation in water wells :
_ba field guide for assessment, prediction and control
_c/by Frank E. Clarke
260 _aRome :
_bFAO,
_c1980
300 _a95 p. :
_bilus., gráfs.
490 0 _aRiego y drenaje
_v; 34
590 _aBATCH-UPD
_b10
_c20130109
_lUCH01
_h2332
590 _aBATCH-UPD
_b10
_c20130110
_lUCH01
_h0559
590 _aBATCH-UPD
_b10
_c20130409
_lUCH01
_h1857
590 _aBATCH-UPD
_b10
_c20130410
_lUCH01
_h0240
590 _aBATCH-UPD
_b10
_c20130913
_lUCH01
_h2237
590 _aCONVERSION
_b10
_c20130109
_lUCH01
_h1337
650 1 4 _aAgua
_xAnálisis.
_92280
650 1 4 _aAgua
_xCalidad.
_92316
650 1 4 _aCorrosión y anticorrosivos.
_928271
650 1 4 _aPozos.
_991207
700 0 _aClarke, Frank E.
_923648
830 0 _aRiego y drenaje
_v; 34
_997387
901 _aBK
942 _cLIBRO
949 _a631.7 F3y v.34
_bBC
_cFAO
_d33724002134983
_eFAO1
_gI.139867
_h72348
_i77229
_sb
949 _a631.7 F3y v.34
_bBC
_cFAO
_d33724002135066
_eFAO2
_fc.2
_gI.139867
_h78286
_i77229
_sb
999 _c66785
_d66785